000 00915nam a2200253 i 4500
003 DO-SdBNP
005 20250205090229.0
007 ta
008 231121t1994 dr aoc|| |||| 00| p spa d
040 _aDO-SdBNP
_bspa
_cBNPHU
_erda
082 4 _222
_bR426p
110 1 _aRepública Dominicana.
_bSecretaria de Estado de Educación, Bellas Artes y Cultos. Plan Decenal de Educación en Acción.
_984665
245 1 0 _a¿Por qué? ¿para qué? de la transformación curricular
264 4 _aSanto Domingo :
_bSecretaria de Estado de Educación. Bellas Artes y Cultos,
_c2002
300 _a78 páginas :
_bIlustraciones ;
_c28 cm.
336 _2rdacontent
_atexto
_btxt
337 _2rdamedia
_asin mediación
_bn
338 _2rdacarrier
_avolumen
_bnc
490 _aInnova 2000
590 _aInventariado, 2023 / DG
700 1 _aSánchez Córdova, Mario Emilio,
_934794
_eprólogo
910 _aDG
942 _2ddc
_cLBS1
999 _c55575
_d55575